|
|
|
|
| LEADER |
00000nam0a2200000 4500 |
| 001 |
334185 |
| 005 |
20231101031106.0 |
| 010 |
|
|
|a 3190018026
|
| 035 |
|
|
|a (RuTPU)RU\TPU\book\360214
|
| 035 |
|
|
|a RU\TPU\book\360013
|
| 090 |
|
|
|a 334185
|
| 100 |
|
|
|a 20170712d2010 m y0gery50 ba
|
| 101 |
0 |
|
|a ger
|
| 102 |
|
|
|a DE
|
| 105 |
|
|
|a a j 000zy
|
| 200 |
1 |
|
|a Tangram 1. Lektion 5-8
|a Deutsch als Fremdsprache
|e lehrerhandbuch
|f I. Alke, R.-M. Dallapiazza, E. Jan
|
| 210 |
|
|
|a Munchen
|c Max Hueber Verlag
|d 2010
|
| 215 |
|
|
|a 143 p.
|c il.
|
| 610 |
1 |
|
|a немецкий язык
|
| 610 |
1 |
|
|a учебные пособия
|
| 610 |
1 |
|
|a лексика
|
| 610 |
1 |
|
|a грамматика
|
| 610 |
1 |
|
|a разговорная речь
|
| 610 |
1 |
|
|a упражнения
|
| 686 |
|
|
|a Ш143.24-923
|v LBC/SL-A
|2 rubbk
|
| 700 |
|
1 |
|a Alke
|b I.
|
| 701 |
|
1 |
|a Dallapiazza
|b R.-M.
|
| 701 |
|
1 |
|a Jan
|b E.
|g Eduard
|
| 801 |
|
1 |
|a RU
|b 63413507
|c 20021110
|g PSBO
|
| 801 |
|
2 |
|a RU
|b 63413507
|c 20221213
|g PSBO
|
| 942 |
|
|
|c BK
|